| 000 | 01181cam a22003617a 4500 | ||
|---|---|---|---|
| 003 | CHAP | ||
| 005 | 20220807210441.0 | ||
| 008 | 971013s1981 r 00010 d | ||
| 010 | _a14701 | ||
| 011 | _a15673 | ||
| 035 | _a19749 | ||
| 040 | _cCHAP | ||
| 090 | _aTesis | ||
| 100 | 0 | 0 |
_aHernández Valle, Lourdes Xochiquetzal. _954701 |
| 245 | 0 | _aInducción de síntomas por carencia nutricionales en crisantemo (Chrysanthemum morifolium) por el sistema de cultivo hidropónico | |
| 260 |
_aMéxico, D.F. : _bEl Autor, _c1981 |
||
| 300 |
_a81 h. _b: gráfs. |
||
| 500 | _a45 Transparencias | ||
| 502 | _aTesis (Biólogo) -- UNAM. Esc. Nal. de Estudios Profesionales Ixtacala | ||
| 590 |
_aALEPH _b10 _c20130110 |
||
| 590 |
_aBATCH-UPD _b10 _c20130110 |
||
| 590 |
_aBATCH-UPD _b10 _c20130110 |
||
| 590 |
_aBATCH-UPD _b10 _c20130409 |
||
| 590 |
_aBATCH-UPD _b10 _c20130914 |
||
| 590 |
_aCONVERSION _b10 _c20130109 |
||
| 650 | 1 | 4 |
_aCrisantemo. _928941 |
| 650 | 1 | 4 |
_aDendranthema morifolium. _931769 |
| 650 | 1 | 4 |
_aHidroponía. _955280 |
| 650 | 1 | 4 |
_aPlantas _xDeficiencias nutritivas. _988812 |
| 901 | _aBK | ||
| 942 | _cTESIS | ||
| 949 |
_bBC _cTESIS _d-46070 _eTESIS _i19749 _si |
||
| 999 |
_c14701 _d14701 |
||